|
|
|
|
| LEADER |
00000nam a2200000 4500 |
| 001 |
vtls011844965 |
| 003 |
SK-MaSNL |
| 005 |
20260301184416.0 |
| 008 |
190308s2017 pl ab f 001 0 eng |
| 020 |
|
|
|a 9788365480293
|q (Polish Institute of World Art Studies) ;
|q viazané)
|
| 020 |
|
|
|a 97883942344611
|q (Tako Publishing House ;
|q viazané)
|
| 040 |
|
|
|a SNK
|b slo
|c SNK
|e rda
|
| 041 |
0 |
|
|a eng
|
| 044 |
|
|
|a pl
|c PL
|
| 072 |
|
7 |
|2 konspekt
|
| 080 |
|
|
|2 2011
|
| 100 |
1 |
|
|a Malinowski, Jerzy,
|d 1950-
|4 aut
|9 186343
|
| 245 |
1 |
0 |
|a Painting and sculpture by Polish Jews in the 19th and 20th centuries (to 1939)
|c Jerzy Malinowski ; translated from the Polish by Krzysztof Z. Cieszkowski
|
| 264 |
|
1 |
|a Warszaw
|b Polish Institute of World Art Studies
|a Toruń
|b Tako Publishing House
|c 2017
|
| 300 |
|
|
|a 560 strán
|b ilustrácie, mapy
|c 31 cm
|
| 336 |
|
|
|a text
|b txt
|2 rdacontent
|
| 337 |
|
|
|a bez média
|b n
|2 rdamedia
|
| 338 |
|
|
|a zväzok
|b nc
|2 rdacarrier
|
| 490 |
1 |
|
|a Jewish Art in Poland and Central-Eastern Europe
|v Volume 4 B
|
| 504 |
|
|
|a Bibliografické odkazy ; poznámky ; menný register, register skupín, časopisov a inštitúcií
|
| 655 |
|
7 |
|a monografie
|2 SNKPH
|9 70139
|
| 655 |
|
7 |
|a Monographs
|2 SNKPHeng
|9 120675
|
| 700 |
1 |
|
|a Cieszkowski, Krzysztof Z.
|4 trl
|9 560975
|
| 830 |
|
0 |
|a Jewish Art in Poland and Central-Eastern Europe
|9 560976
|
| 919 |
|
|
|a 978-83-65480-29-3
|
| 919 |
|
|
|a 978-83-942344-6-1
|
| 999 |
|
|
|c 860413
|d 862343
|
| 952 |
|
|
|a SNK
|b SNK
|y VYP
|7 0
|p 17A1361069
|o snkIB 73695
|i snk2019/7198
|8 2
|g 20.70
|0 0
|1 0
|4 0
|d 2019-03-08
|l 0
|r 2026-02-24 05:09:58
|w 2026-02-24
|